Odd One Out - Movies Quiz Stats

 Plays Quiz Updated Mar 14, 2019

Score 0/10 Timer 05:00
6 Plays Today
Question Answer Wrong Answers
Which of these is not a Pixar film? Mouse is not a Pixar film
87.5%
Cars
4.9%
Ratatouille
5.3%
Up
2.1%
Which of these does not become a film title if you put 'American' in front of it? No film named American Sagittarius
69.7%
American Gangster
8.1%
American Graffiti
10.2%
American Psycho
9%
Which of these is not a Bond girl? Dolly Parton is not a Bond girl
68.9%
CHRISTMAS Jones
12.8%
DOMINO Derval
12.5%
HONEY Ryder
3.1%
Which of these is not a word in the title of a Star Wars film? No Star Wars film with KING in the title
64.6%
The Empire Strikes BACK
6.1%
A New HOPE
10.1%
The RETURN of the Jedi
15.1%
Which of these is not an actor in the Lord of the Rings films? No Boxer in Lord of the Rings
61.8%
Sean BEAN
13.1%
Hugo WEAVING
17.2%
Elijah WOOD
6.9%
Which of these is not an Oscar winner for Best Actress? No Oscar winner named COOKIE
57.9%
Holly HUNTER (or Helen HUNT)
7.7%
Julia ROBERTS
17.1%
Emma STONE
12.2%
Which of these is not a Disney princess? Gladys Knight is not a Disney princess
42.6%
ARIEL Winter
30.6%
BELL(E)
5.8%
SNOW WHITE (hex code #fffafa)
17.5%
Which of these is not a Best Picture winner? No Best Picture for Fir Tree
41.4%
An American in Paris
24.4%
Spotlight
8.2%
Tom Jones
24.1%
Which of these is not a Hitchcock film? No Hitchcock film named Knife
38.6%
The Birds
8.3%
Rope
15.9%
Topaz
31.8%
Which of these is not an alias (Mr. _______) in Reservoir Dogs? No Mr. Green in reservoir Dogs
35.4%
Mr. Pink
13.5%
Mr. Orange
31.4%
Mr. Brown
17.5%

You're not logged in!

Compare scores with friends on all Sporcle quizzes.
OR
Log In

Sporcle TV

Today on Sporcle TV


Watch our educational content, quiz creation guides, and fun videos on Sporcle TV.

Show Comments

Extras

Top Quizzes Today


Score Distribution

Your Account Isn't Verified!

In order to create a playlist on Sporcle, you need to verify the email address you used during registration. Go to your Sporcle Settings to finish the process.

Report this User

Report this user for behavior that violates our Community Guidelines.

Details: